Catálogo
 En Linea

Trujillo : (Registro nro. 21776)

Detalles MARC
000 -CABECERA
campo de control de longitud fija 02425nam a2200325 i 4500
001 - NÚMERO DE CONTROL
campo de control 000022278
003 - IDENTIFICADOR DEL NÚMERO DE CONTROL
campo de control DO-SdBNP
005 - FECHA Y HORA DE LA ÚLTIMA TRANSACCIÓN
campo de control 20240919131140.0
007 - CAMPO FIJO DE DESCRIPCIÓN FÍSICA--INFORMACIÓN GENERAL
campo de control de longitud fija ta
008 - DATOS DE LONGITUD FIJA--INFORMACIÓN GENERAL
campo de control de longitud fija 100921s2006 dr ac 001 0bspa d
020 ## - NÚMERO INTERNACIONAL ESTÁNDAR DEL LIBRO
ISBN cancelado o inválido 9993479470
040 ## - FUENTE DE LA CATALOGACIÓN
Centro catalogador/agencia de origen DO-SdBNP
Lengua de catalogación spa
Centro/agencia transcriptor BNPHU
Normas de descripción rda
049 ## - FONDOS LOCALES (OCLC)
Fondos de biblioteca BNPD
082 #4 - NÚMERO DE LA CLASIFICACIÓN DECIMAL DEWEY
Número de clasificación 923.17293
Número de documento/Ítem T866r
Número de edición 22
100 1# - ENTRADA PRINCIPAL--NOMBRE DE PERSONA
Nombre de persona Romero, Lino A.,
Fechas asociadas al nombre 1930-
9 (RLIN) 18245
Término indicativo de función/relación autor
245 10 - MENCIÓN DE TÍTULO
Título Trujillo :
Resto del título el hombre y su personalidad /
Mención de responsabilidad, etc. Lino A. Romero.
264 ## - PRODUCCIÓN, PUBLICACIÓN, DISTRIBUCIÓN, FABRICACIÓN Y COPYRIGHT
Producción, publicación, distribución, fabricación y copyright Santo Domingo :
Nombre del de productor, editor, distribuidor, fabricante Búho
Fecha de producción, publicación, distribución, fabricación o copyright 2006.
300 ## - DESCRIPCIÓN FÍSICA
Extensión 461 páginas :
Otras características físicas ilustraciones, retratos ;
Dimensiones 23 cm.
336 ## - TIPO DE CONTENIDO
Fuente rdacontent
Término de tipo de contenido texto
Código de tipo de contenido txt
337 ## - TIPO DE MEDIO
Fuente rdamedia
Nombre/término del tipo de medio sin mediación
Código del tipo de medio n
338 ## - TIPO DE SOPORTE
Fuente rdacarrier
Nombre/término del tipo de soporte volumen
Código del tipo de soporte nc
500 ## - NOTA GENERAL
Nota general Incluye referencias bibliográficas y notas al pie de las páginas
504 ## - NOTA DE BIBLIOGRAFÍA, ETC.
Nota de bibliografía, etc. Bibliografía : p. 452-460
505 2# - NOTA DE CONTENIDO CON FORMATO
Nota de contenido con formato Nota del autor -- Introducción -- Análisis del panegírico ante los restos del generalísimo Trujillo -- Rafael Leónidas Trujillo Molina-- Los hermanos Trujillo -- La casa de caoba en la Hacienda Fundación -- La iglesia de San Cristóbal -- El poder: un enfoque psicoanalítico -- La política económica de la República Dominicana durante la era trujillista -- Cartas enviadas al Generalísimo Trujillo /Don Américo Lugo -- Guerra enviada por el Generalísimo Trujillo al señor Gilberto Sánchez Lustrino -- Enrique Blanco : psicodinámica de su comportamiento -- La matanza haitiana -- Asentamientos de inmigrantes en la República Dominicana -- Invaciones a la República Dominicana por exiliados políticos -- Tres acontecimientos de trascendencia política ocurrido en Santiago --El asesinato de las hermanas Mirabal -- La iglesia -- El atentado en contra del presidente Rómulo Betancourt -- El asesinato de Jesús María de Galínder -- Casas de Trujillo -- Trujillo como miembro de la Academia Dominicana de la Lengua y correspondiente de la Real Academia Española -- Entrevistas con personas que trabajaron junto al Generalísimo Trujillo -- Mecanismos de defensa psicológicos -- Estudios analítico sobre el libro titulado Trujillo visto por un psiquiatra del doctor José Miguel Gómez -- Epílogo.
590 ## - NOTA LOCAL (RLIN)
Nota local Inventariado, 2023/BT
600 ## - PUNTO DE ACCESO ADICIONAL DE MATERIA--NOMBRE DE PERSONA
Nombre de persona Trujillo Molina, Rafael Leónidas,
Fechas asociadas al nombre 1891-1961
651 #4 - PUNTO DE ACCESO ADICIONAL DE MATERIA--NOMBRE GEOGRÁFICO
Nombre geográfico República Dominicana
Subdivisión general Condiciones económicas
Subdivisión cronológica Era de Trujillo, 1930-1961
9 (RLIN) 46029
910 ## - DATOS DE OPCIÓN DEL USUARIO (OCLC)
Datos de opción del usuario Validado. Control de calidad. MMOLINA
942 ## - ELEMENTOS DE PUNTO DE ACCESO ADICIONAL (KOHA)
Fuente del sistema de clasificación o colocación Dewey Decimal Classification
Tipo de ítem Koha Libro
Existencias
Estado de retiro Estado de pérdida Fuente del sistema de clasificación o colocación Restricciones de uso No para préstamo Código de colección Localización permanente Ubicación/localización actual Ubicación en estantería Fecha de adquisición Total de préstamos Signatura topográfica completa Código de barras Fecha visto por última vez Precio válido a partir de Tipo de ítem Koha Número de copia Fuente de adquisición
    Dewey Decimal Classification Excluido de préstamo   Patrimonio Dominicano Biblioteca Nacional Pedro Henríquez Ureña Biblioteca Nacional Pedro Henríquez Ureña Depósito 21.09.2010   BNPHU PD 923.17293 T866r 22278-10 25.06.2020 25.06.2020 Libro    
    Dewey Decimal Classification Excluido de préstamo   Patrimonio Dominicano Biblioteca Nacional Pedro Henríquez Ureña Biblioteca Nacional Pedro Henríquez Ureña Depósito 23.07.2015   BNPHU PD 923.17293 T866r 22278-20 25.06.2020 25.06.2020 Libro e. 2  
    Dewey Decimal Classification Préstamo en sala   Dominicana de Servicio Biblioteca Nacional Pedro Henríquez Ureña Biblioteca Nacional Pedro Henríquez Ureña Depósito 26.09.2023   BNPHU DS 923.17293 T866r 2023-6403 26.09.2023 26.09.2023 Libro e.3 Donación

Con tecnología Koha